[Event "Moscow New Year Blitz"]
[Site "Moscow"]
[Date "2024.12.15"]
[Round "8"]
[White "Inarkiev, Ernesto"]
[Black "Grischuk, Alexander"]
[Result "0-1"]
[WhiteElo "2650"]
[BlackElo "2689"]
[PlyCount "110"]
[EventDate "2024.12.15"]
[EventType "tourn (blitz)"]
[EventRounds "15"]
[EventCountry "RUS"]
[EventCategory "13"]
[SourceTitle "CB52_2024"]
[SourceDate "2024.12.25"]
[SourceVersion "1"]
[SourceVersionDate "2024.12.25"]
[SourceQuality "1"]

1. d4 d5 2. Nf3 Nf6 3. Bf4 Bf5 4. c4 e6 5. e3 Bxb1 6. Qxb1 Bb4+ 7. Kd1 Bd6 8. Bg5 c6 9. Qc2 Nbd7 10. Bd3 h6 11. Bh4 Qe7 12. Ke2 Rd8 13. Rhd1 0-0 14. Kf1 Rfe8 15. Rab1 a6 16. a3 g5 17. Bg3 Bxg3 18. hxg3 Kg7 19. b4 Ng4 20. a4 h5 21. b5 axb5 22. axb5 Qf6 23. cxd5 cxd5 24. Qc7 b6 25. Rbc1 Qe7 26. Rc6 Ra8 27. Qd6 Ra2 28. Rd2 Rxd2 29. Nxd2 Qf6 30. Nf3 Rd8 31. Qc7 h4 32. gxh4 gxh4 33. Ke2 Qe7 34. Rxb6 Ra8 35. Ra6 Rd8 36. Ra2 Ngf6 37. b6 Rb8 38. b7 Qb4 39. Ba6 Qb3 40. Qc2 Qb6 41. Qb2 Qc6 42. Qb3 Ne4 43. Ke1 Qc1+ 44. Ke2 Nc3+ 45. Kd3 Nxa2 46. Qxa2 Nf6 47. Nd2 Ng4 48. Nb3 Qf1+ 49. Qe2 Nxf2+ 50. Kc2 Qxe2+ 51. Bxe2 Rxb7 52. Nc5 Ra7 53. Bf3 Kf6 54. Kd2 Kg5 55. Ke2 Ng4 0-1

[Event "Moscow New Year Blitz"]
[Site "Moscow"]
[Date "2024.12.15"]
[Round "10"]
[White "Inarkiev, Ernesto"]
[Black "Makarian, Rudik"]
[Result "1-0"]
[WhiteElo "2650"]
[BlackElo "2547"]
[PlyCount "137"]
[EventDate "2024.12.15"]
[EventType "tourn (blitz)"]
[EventRounds "15"]
[EventCountry "RUS"]
[EventCategory "13"]
[SourceTitle "CB52_2024"]
[SourceDate "2024.12.25"]
[SourceVersion "1"]
[SourceVersionDate "2024.12.25"]
[SourceQuality "1"]

1. d4 Nf6 2. Nf3 d5 3. Bf4 c5 4. e3 Qb6 5. Nbd2 e6 6. Rb1 Bd7 7. c4 Nc6 8. dxc5 Bxc5 9. a3 a5 10. Bd3 0-0 11. 0-0 h6 12. cxd5 exd5 13. Nb3 Be7 14. h3 Rfd8 15. Nbd4 Rac8 16. Qe2 Ne4 17. Nxc6 bxc6 18. Be5 c5 19. Rfd1 Bf6 20. Bxf6 Nxf6 21. b3 Be6 22. Qc2 Qd6 23. Bf5 Qe7 24. Bxe6 Qxe6 25. Qc3 Ne4 26. Qc2 Qe7 27. Nd2 Nf6 28. Qc3 Qa7 29. Rbc1 Qb6 30. Qe5 Re8 31. Qc3 Red8 32. Qd3 Rd7 33. Rc2 Rcd8 34. Rdc1 c4 35. Qc3 cxb3 36. Qxb3 Qd6 37. Rc6 Qe7 38. Nf3 Ne4 39. Nd4 Nd2 40. Qc3 Nc4 41. a4 Qg5 42. Rc5 Qg6 43. Rb5 Rc8 44. Rxa5 Rdc7 45. Rb5 Nd6 46. Qxc7 Rxc7 47. Rxc7 Nxb5 48. axb5 Qb1+ 49. Kh2 Qb2 50. Kg3 Qb1 51. Rc8+ Kh7 52. Rc6 h5 53. h4 f6 54. Rc2 Kg6 55. Kh2 Qb4 56. g3 Kh6 57. Kg2 g5 58. Rc6 Kg7 59. hxg5 fxg5 60. b6 Qb1 61. Rc7+ Kg6 62. b7 h4 63. gxh4 gxh4 64. Nf3 Kh5 65. Rh7+ Kg6 66. Rd7 Qb4 67. Nxh4+ Qxh4 68. b8Q Qg4+ 69. Qg3 1-0

[Event "Moscow New Year Blitz"]
[Site "Moscow"]
[Date "2024.12.15"]
[Round "15"]
[White "Inarkiev, Ernesto"]
[Black "Tsvetkov, Andrey1"]
[Result "0-1"]
[WhiteElo "2650"]
[BlackElo "2422"]
[PlyCount "94"]
[EventDate "2024.12.15"]
[EventType "tourn (blitz)"]
[EventRounds "15"]
[EventCountry "RUS"]
[EventCategory "13"]
[SourceTitle "CB52_2024"]
[SourceDate "2024.12.25"]
[SourceVersion "1"]
[SourceVersionDate "2024.12.25"]
[SourceQuality "1"]

1. d4 Nf6 2. Nf3 d5 3. Bf4 c5 4. e3 Nc6 5. Nbd2 Nh5 6. Be5 f6 7. Bg3 g6 8. c4 cxd4 9. exd4 Bg7 10. cxd5 Qxd5 11. Bc4 Qd8 12. 0-0 Nxg3 13. hxg3 Na5 14. Qa4+ Bd7 15. Bb5 b6 16. b4 Nb7 17. Rfe1 Bxb5 18. Qxb5+ Qd7 19. Qc4 Nd6 20. Qb3 Nf7 21. Re6 0-0 22. Rae1 Rfe8 23. b5 Kf8 24. a4 Rac8 25. R6e3 Nd6 26. Ne4 Nc4 27. Rc3 Na5 28. Qb4 Rxc3 29. Qxc3 Rc8 30. Qd3 Nc4 31. Nfd2 Nd6 32. Nc3 e6 33. Nf3 Rd8 34. g4 Nf7 35. Ne4 Kg8 36. Rc1 e5 37. Rc4 Qxg4 38. Rc7 Qe6 39. Ned2 exd4 40. Nc4 Ne5 41. Nfxe5 fxe5 42. Qe4 d3 43. Rxa7 h5 44. Qb7 Qf6 45. Qc7 d2 46. Nxd2 Rxd2 47. a5 Rd1+ 0-1

[Event "Moscow New Year Blitz"]
[Site "Moscow"]
[Date "2024.12.15"]
[Round "7"]
[White "Zemlyanskii, Ivan"]
[Black "Inarkiev, Ernesto"]
[Result "1-0"]
[WhiteElo "2543"]
[BlackElo "2650"]
[PlyCount "24"]
[EventDate "2024.12.15"]
[EventType "tourn (blitz)"]
[EventRounds "15"]
[EventCountry "RUS"]
[EventCategory "13"]
[SourceTitle "CB52_2024"]
[SourceDate "2024.12.25"]
[SourceVersion "1"]
[SourceVersionDate "2024.12.25"]
[SourceQuality "1"]

1. e4 c5 2. Nf3 e6 3. c3 Nf6 4. Bd3 b6 5. 0-0 Bb7 6. Re1 Be7 7. Bc2 Nc6 8. a3 c4 9. b3 cxb3 10. Bxb3 d5 11. e5 Ne4 12. d3 Nc5 1-0

[Event "Moscow Region Rapid Cup"]
[Site "Moscow"]
[Date "2024.12.01"]
[Round "12"]
[White "Inarkiev, Ernesto"]
[Black "Goryachkina, Aleksandra"]
[Result "1/2-1/2"]
[WhiteElo "2650"]
[BlackElo "2528"]
[PlyCount "39"]
[EventDate "2024.11.29"]
[EventType "tourn (rapid)"]
[EventRounds "14"]
[EventCountry "RUS"]
[EventCategory "16"]
[SourceTitle "CB49_2024"]
[SourceDate "2024.12.04"]
[SourceVersion "1"]
[SourceVersionDate "2024.12.04"]
[SourceQuality "1"]

1. d4 d5 2. Nf3 Nf6 3. Bf4 Bf5 4. e3 e6 5. c4 Bd6 6. Ne5 c6 7. Be2 0-0 8. 0-0 dxc4 9. Bxc4 Nd5 10. Bg3 Nb6 11. Bb3 Qe7 12. Nc3 h6 13. e4 Bh7 14. Qg4 N8d7 15. Rad1 f5 16. Qh4 Qxh4 17. Bxe6+ Kh8 18. Bxh4 Nxe5 19. dxe5 Bxe5 20. exf5 1/2-1/2

[Event "Moscow Region Rapid Cup"]
[Site "Moscow"]
[Date "2024.11.29"]
[Round "4"]
[White "Inarkiev, Ernesto"]
[Black "Artemiev, Vladislav"]
[Result "1/2-1/2"]
[WhiteElo "2650"]
[BlackElo "2701"]
[PlyCount "55"]
[EventDate "2024.11.29"]
[EventType "tourn (rapid)"]
[EventRounds "14"]
[EventCountry "RUS"]
[EventCategory "16"]
[SourceTitle "CB49_2024"]
[SourceDate "2024.12.04"]
[SourceVersion "1"]
[SourceVersionDate "2024.12.04"]
[SourceQuality "1"]

1. d4 d5 2. Nf3 Bf5 3. c4 e6 4. Nc3 Nf6 5. Bg5 c6 6. cxd5 exd5 7. Qb3 Qb6 8. Bxf6 gxf6 9. e3 Nd7 10. Be2 Be7 11. Nh4 Bg6 12. Bg4 Rg8 13. g3 Qxb3 14. axb3 Bc2 15. Bd1 Bg6 16. Bg4 Bc2 17. Bd1 Bg6 18. Kd2 Nb6 19. Bg4 Bb4 20. Rhc1 a6 21. Ke2 Bd3+ 22. Kxd3 Rxg4 23. h3 Rg8 24. Ne2 Kd7 25. g4 Bd6 26. Nf5 Nc8 27. Rg1 Ne7 28. Nxd6 1/2-1/2

[Event "Moscow Region Rapid Cup"]
[Site "Moscow"]
[Date "2024.11.29"]
[Round "3"]
[White "Karjakin, Sergey"]
[Black "Inarkiev, Ernesto"]
[Result "1/2-1/2"]
[WhiteElo "2750"]
[BlackElo "2650"]
[PlyCount "115"]
[EventDate "2024.11.29"]
[EventType "tourn (rapid)"]
[EventRounds "14"]
[EventCountry "RUS"]
[EventCategory "16"]
[SourceTitle "CB49_2024"]
[SourceDate "2024.12.04"]
[SourceVersion "1"]
[SourceVersionDate "2024.12.04"]
[SourceQuality "1"]

1. e4 e5 2. Nf3 Nf6 3. Nxe5 Nxe4 4. Qe2 Qe7 5. Qxe4 d6 6. d4 dxe5 7. dxe5 Nc6 8. Nc3 Qxe5 9. Qxe5+ Nxe5 10. Bf4 Bd6 11. Bg3 h5 12. 0-0-0 f6 13. Nb5 h4 14. Nxd6+ cxd6 15. Bf4 Ke7 16. Bd2 g5 17. Bb4 Rd8 18. f4 gxf4 19. Rd4 Be6 20. Rxf4 h3 21. gxh3 a5 22. Be1 Rg8 23. Bg3 Rac8 24. a4 Rc5 25. Bf2 Rcc8 26. Bg3 Rc5 27. c3 Bd7 28. Bf2 Rcc8 29. Kc2 Bc6 30. Rg1 Rxg1 31. Bxg1 f5 32. Rh4 Be4+ 33. Kd1 Nc4 34. b3 Ne5 35. Bd4 Bd5 36. c4 Be4 37. Rh7+ Ke6 38. Rh6+ Ke7 39. c5 Nf7 40. cxd6+ Nxd6 41. Rh7+ Ke6 42. h4 Kd5 43. Bf6 Bc2+ 44. Ke1 Bxb3 45. Bd3 Bxa4 46. h5 Bc2 47. Be2 Ne4 48. Bb2 Rg8 49. Rg7 Rxg7 50. Bxg7 f4 51. Bf3 Kd6 52. h6 Ng5 53. Bxb7 a4 54. Kd2 Bh7 55. Kc3 f3 56. Bd4 Ne4+ 57. Bxe4 Bxe4 58. Kb4 1/2-1/2

[Event "Moscow op Stars Blitz"]
[Site "Moscow"]
[Date "2024.07.20"]
[Round "2"]
[White "Karjakin, Sergey"]
[Black "Inarkiev, Ernesto"]
[Result "1-0"]
[WhiteElo "2750"]
[BlackElo "2650"]
[PlyCount "59"]
[EventDate "2024.07.20"]
[EventType "match (blitz)"]
[EventRounds "8"]
[EventCountry "RUS"]
[SourceTitle "CBM 221 Extra"]
[Source "ChessBase"]
[SourceDate "2024.09.30"]
[SourceVersion "1"]
[SourceVersionDate "2024.09.30"]
[SourceQuality "1"]

1. e4 c5 2. Nf3 Nc6 3. Nc3 g6 4. Bb5 Bg7 5. 0-0 d6 6. d3 Bd7 7. a3 Nf6 8. h3 0-0 9. Bc4 a6 10. Bf4 b5 11. Ba2 e5 12. Bg5 h6 13. Bxf6 Bxf6 14. Nd5 Be6 15. b4 Bg7 16. c3 Ne7 17. Ne3 Qd7 18. Bxe6 Qxe6 19. bxc5 dxc5 20. c4 f5 21. Nd5 Rad8 22. Qb3 fxe4 23. dxe4 bxc4 24. Nxe7+ Kh7 25. Qc2 Qxe7 26. Nd2 Rd4 27. Nxc4 Qg5 28. Rab1 Rf3 29. Kh1 Qh4 30. Kh2 1-0

[Event "Moscow op Stars Blitz"]
[Site "Moscow"]
[Date "2024.07.20"]
[Round "4"]
[White "Karjakin, Sergey"]
[Black "Inarkiev, Ernesto"]
[Result "1-0"]
[WhiteElo "2750"]
[BlackElo "2650"]
[PlyCount "59"]
[EventDate "2024.07.20"]
[EventType "match (blitz)"]
[EventRounds "8"]
[EventCountry "RUS"]
[SourceTitle "CBM 221 Extra"]
[Source "ChessBase"]
[SourceDate "2024.09.30"]
[SourceVersion "1"]
[SourceVersionDate "2024.09.30"]
[SourceQuality "1"]

1. d4 Nf6 2. Nf3 d5 3. e3 g6 4. c4 c6 5. Nc3 Bg7 6. Bd3 0-0 7. 0-0 Bg4 8. h3 Bxf3 9. Qxf3 dxc4 10. Bxc4 Nbd7 11. Rd1 e5 12. d5 e4 13. Nxe4 Nxe4 14. Qxe4 Nb6 15. Rb1 Re8 16. Qd3 Nxc4 17. Qxc4 Re5 18. e4 Qe8 19. Be3 Rxe4 20. Qb3 cxd5 21. Rxd5 Qe7 22. Rbd1 Rb4 23. Bc5 Qxc5 24. Rxc5 Rxb3 25. axb3 Bxb2 26. Rc7 b5 27. Rcd7 Kg7 28. Rd8 Rxd8 29. Rxd8 a5 30. Rb8 1-0

[Event "Moscow op Stars Blitz"]
[Site "Moscow"]
[Date "2024.07.20"]
[Round "6"]
[White "Karjakin, Sergey"]
[Black "Inarkiev, Ernesto"]
[Result "1-0"]
[WhiteElo "2750"]
[BlackElo "2650"]
[PlyCount "78"]
[EventDate "2024.07.20"]
[EventType "match (blitz)"]
[EventRounds "8"]
[EventCountry "RUS"]
[SourceTitle "CBM 221 Extra"]
[Source "ChessBase"]
[SourceDate "2024.09.30"]
[SourceVersion "1"]
[SourceVersionDate "2024.09.30"]
[SourceQuality "1"]

1. e4 c5 2. Nf3 Nc6 3. d4 cxd4 4. Nxd4 g6 5. c4 Nf6 6. Nc3 d6 7. Be2 Nxd4 8. Qxd4 Bg7 9. Be3 0-0 10. Qd2 a5 11. 0-0 a4 12. f3 Qa5 13. Rab1 Be6 14. Rfd1 Rfc8 15. Nd5 Qxd2 16. Rxd2 Bxd5 17. cxd5 Nd7 18. Kf2 Nc5 19. Ke1 f5 20. exf5 gxf5 21. Rc2 Na6 22. Rxc8+ Rxc8 23. Rc1 Rb8 24. b3 axb3 25. axb3 Nb4 26. Bd2 Nxd5 27. Bc4 e6 28. Bxd5 exd5 29. Rc7 b5 30. Ke2 Bd4 31. Kd3 Bg1 32. h3 b4 33. Bh6 Bc5 34. Rg7+ Kh8 35. Rf7 Rg8 36. g4 fxg4 37. hxg4 Rg6 38. g5 Rg8 39. f4 Re8 1-0

[Event "Moscow op Stars Blitz"]
[Site "Moscow"]
[Date "2024.07.20"]
[Round "8"]
[White "Karjakin, Sergey"]
[Black "Inarkiev, Ernesto"]
[Result "1-0"]
[WhiteElo "2750"]
[BlackElo "2650"]
[PlyCount "65"]
[EventDate "2024.07.20"]
[EventType "match (blitz)"]
[EventRounds "8"]
[EventCountry "RUS"]
[SourceTitle "CBM 221 Extra"]
[Source "ChessBase"]
[SourceDate "2024.09.30"]
[SourceVersion "1"]
[SourceVersionDate "2024.09.30"]
[SourceQuality "1"]

1. e4 c5 2. Nf3 e6 3. d4 cxd4 4. Nxd4 Nc6 5. Nc3 Qc7 6. a3 Nf6 7. Be3 Be7 8. Be2 0-0 9. 0-0 d6 10. Kh1 Nxd4 11. Bxd4 b6 12. f3 Bb7 13. Nb5 Qb8 14. c4 Nd7 15. Qd2 a6 16. Nc3 Qc7 17. Rac1 Rac8 18. b4 Qb8 19. Qb2 g6 20. Qd2 Rfe8 21. Rfd1 Bd8 22. Bf1 Ne5 23. Na4 Nxc4 24. Bxc4 b5 25. Qh6 f6 26. Bb3 bxa4 27. Bxa4 Rxc1 28. Rxc1 Re7 29. Bxf6 Rc7 30. Bb2 d5 31. Bb3 Rxc1+ 32. Qxc1 Qd6 33. Qc3 1-0

[Event "Moscow op Stars Rapid"]
[Site "Moscow"]
[Date "2024.07.19"]
[Round "2"]
[White "Karjakin, Sergey"]
[Black "Inarkiev, Ernesto"]
[Result "1/2-1/2"]
[WhiteElo "2750"]
[BlackElo "2650"]
[PlyCount "116"]
[EventDate "2024.07.19"]
[EventType "match (rapid)"]
[EventRounds "4"]
[EventCountry "RUS"]
[SourceTitle "CBM 221 Extra"]
[Source "ChessBase"]
[SourceDate "2024.09.30"]
[SourceVersion "1"]
[SourceVersionDate "2024.09.30"]
[SourceQuality "1"]

1. e4 e5 2. Nf3 Nf6 3. Nxe5 Nxe4 4. Qe2 Qe7 5. Qxe4 d6 6. d4 dxe5 7. dxe5 Nc6 8. Nc3 Qxe5 9. Qxe5+ Nxe5 10. Bf4 Bd6 11. Bg3 h5 12. Nb5 h4 13. Nxd6+ cxd6 14. Bf4 h3 15. 0-0-0 Ke7 16. Re1 f6 17. Bd2 g5 18. f4 gxf4 19. Bxf4 Bf5 20. gxh3 Rac8 21. c3 Bxh3 22. Be2 Ke6 23. Rhg1 Rc7 24. Rg3 Bf5 25. Re3 a6 26. Rf1 d5 27. Kd1 Be4 28. c4 Rd8 29. Ke1 f5 30. cxd5+ Rxd5 31. Rh3 Rf7 32. Rg1 Nd3+ 33. Bxd3 Bxd3 34. Rg8 Kd7 35. Kf2 Re7 36. Rh6 Be4 37. h4 Rd3 38. Bg5 Rf3+ 39. Ke2 Rf7 40. Rd8+ Kc7 41. Rd4 Rf8 42. Rc4+ Kd7 43. Rh7+ Ke6 44. Rd4 Re8 45. h5 Ke5 46. Rdd7 f4 47. Rhf7 Bc6 48. Rd3 Rg8 49. Rxf3 Bxf3+ 50. Kxf3 Rxg5 51. h6 Rg3+ 52. Kf2 Rh3 53. h7 b5 54. Kg2 Rh4 55. Kf3 Ke6 56. Ra7 Kf5 57. b4 Rh3+ 58. Kg2 Rh4 1/2-1/2

[Event "Moscow op Stars Rapid"]
[Site "Moscow"]
[Date "2024.07.19"]
[Round "4"]
[White "Karjakin, Sergey"]
[Black "Inarkiev, Ernesto"]
[Result "1/2-1/2"]
[WhiteElo "2750"]
[BlackElo "2650"]
[PlyCount "112"]
[EventDate "2024.07.19"]
[EventType "match (rapid)"]
[EventRounds "4"]
[EventCountry "RUS"]
[SourceTitle "CBM 221 Extra"]
[Source "ChessBase"]
[SourceDate "2024.09.30"]
[SourceVersion "1"]
[SourceVersionDate "2024.09.30"]
[SourceQuality "1"]

1. Nf3 d5 2. g3 Nf6 3. Bg2 g6 4. 0-0 Bg7 5. d4 0-0 6. c4 c6 7. Qb3 b6 8. Nc3 Bb7 9. Rd1 Nbd7 10. Ne5 e6 11. e4 dxe4 12. Nxe4 Nxe4 13. Bxe4 Nxe5 14. dxe5 Qc7 15. f4 c5 16. Qf3 Bxe4 17. Qxe4 Rad8 18. Be3 Rd7 19. Kf1 Rfd8 20. Ke2 h5 21. b3 Kf8 22. Bf2 Ke8 23. h3 Qb7 24. Qxb7 Rxb7 25. Rxd8+ Kxd8 26. a3 Bf8 27. g4 hxg4 28. hxg4 Rd7 29. Rh1 Kc7 30. Rh7 a6 31. Bh4 Be7 32. Bf6 Bxf6 33. exf6 b5 34. Ke3 Kc6 35. Rh8 Kb7 36. Re8 Kc7 37. a4 bxc4 38. bxc4 Rd8 39. Re7+ Rd7 40. Re8 Rd8 41. Re7+ Rd7 42. f5 exf5 43. gxf5 gxf5 44. Re5 Kc6 45. Kf4 Rd4+ 46. Kxf5 Rxc4 47. Re7 Rxa4 48. Rxf7 Ra1 49. Rf8 Rf1+ 50. Ke5 Re1+ 51. Kf5 Rf1+ 52. Ke4 Re1+ 53. Kd3 Rf1 54. f7 Kd7 55. Ra8 Rxf7 56. Rxa6 Rf4 1/2-1/2